La prensa sensacionalista y los sectores populares

Na minha lista:
Detalhes bibliográficos
Autor principal: Sunkel, Guillermo (Author)
Formato: Livro
Idioma:espanhol
Publicado em: Bogotá Norma 2002
Edição:1a. ed
Colecção:Enciclopedia Latinoamericana de Sociocultura y Comunicación, 15
Assuntos:
Tags: Adicionar Tag
Sem tags, seja o primeiro a adicionar uma tag!

MARC

LEADER 00000nam a2200000 a 4500
001 UCM7371
003 CL-VaPUC
008 021213e20020000CK |||||||||||||||||spa|d
020 |a 9580465681 
082 0 4 |a 302.232  |b SUN  |2 21 
100 0 |a Sunkel, Guillermo  |e author  |9 472964 
245 1 3 |a La prensa sensacionalista y los sectores populares 
250 |a 1a. ed 
300 |a 138 p 
942 |c BK 
945 |d 20021213 00:00:00  |a cmena 
260 |a Bogotá  |b Norma  |c 2002 
600 0 7 |a LA CUARTA  |2 CL-VaPUC  |9 472965 
650 0 |a Periodismo   |9 310113 
650 0 |a Clases sociales  |9 256858 
650 7 |a SENSACIONALISMO  |2 CL-VaPUC  |9 472966 
650 0 |a Sociolingüística  |9 263716 
650 7 |a LENGUAJE FAMILIAR  |2 CL-VaPUC  |9 334219 
583 |a last modification  |c 20021213 00:00:00  |k Rodrigo Vera 
490 0 |a Enciclopedia Latinoamericana de Sociocultura y Comunicación, 15 
999 |c 302211  |d 302209 
952 |0 0  |1 0  |4 0  |6 302_232000000000000_SUN_2002  |7 0  |8 A  |9 362323  |a BIBCUR  |b BIBCUR  |d 2019-11-21  |i 3824896  |o 302.232 SUN 2002  |p 3824896  |r 2025-04-22  |w 2019-11-21  |y BK  |k PER 
952 |0 0  |1 0  |4 0  |6 302_232000000000000_SUN_2002  |7 0  |8 A  |9 362324  |a BIBCUR  |b BIBCUR  |d 2019-11-21  |i 4289463  |o 302.232 SUN 2002  |p 4289463  |r 2025-04-22  |w 2019-11-21  |y BK  |k PER